000 00299nam a22001337a 4500
008 170220b xxu||||| |||| 00| 0 eng d
020 _a9780077290504
041 _aeng
080 _a615
100 _a5
101 _aSHF
245 _aMATH FOR THE PHARMACY TECHNICIAN
_cEGLER, L.M
942 _2udc
_cBK
999 _c5833
_d5833